000 00608nam a22002172 4500
001 0000003784
005 20151217151934.0
008 070515s xx 000 0 eng d
020 _a0486428303 :
_cKES 3,528
040 _aKABU
_cKABU
050 0 _aQC523
_b.O94
100 1 _aOwen, George E.
_@0000153932
245 1 0 _aIntroduction to electro-magnetic theory.
260 _aNew York :
_bDover,
_c2003.
300 _axii, 506 p.
650 0 _aElectricity.
_@0000153922
650 0 _aElectromagnetism.
_@0000153933
908 _a070515
950 _@1
999 _c6519
_d6519